[Event "Ch Romania (team) A"]
[Site "masterchessopen.com Tusnad (Romania)"]
[Date "2005.05.21"]
[Round "1"]
[White "Sofronie Iulian (ROM)"]
[Black "Nisipeanu Liviu-Dieter (ROM)"]
[Result "0-1"]
[WhiteElo "2434"]
[BlackElo "2707"]

{ Nisipeanu Liviu-Dieter (ROM) +3 =3 -0 } 1.d4 Nf6 2.c4 e6 3.Nf3 d5 4.g3 Bb4+
5.Bd2 Be7 6.Bg2 O-O 7.Qc2 c6 8.O-O Nbd7 9.Rd1 b6 { ?/= } 10.Bc3 ( 10.Bf4 Bb7
11.Nc3 dxc4 12.Nd2 Nd5 13.Nxc4 Nxf4 14.gxf4 Nf6 15.e3 Nd5 16.a3 Rc8 17.b4 Rc7
18.Ne5 Bd6 19.Ne4 Be7 20.Rac1 Qa8 21.Ng5 Bxg5 22.fxg5 Qd8 23.Nf3 Qe7 24.Qd2
Rcc8 25.e4 Nc7 26.h4 Rfd8 27.Qe3 Nb5 28.Ne5 Rc7 29.Rd3 Kh8 { ...1-0, Van Wely
Loek 2714 - Sokolov Ivan 2658 , Amsterdam 2001 It (open) "Lost Boys" } )
10...a5 { +0.18 CAP } ( 10...Bb7 11.Nbd2 Rc8 { 1/2-1/2, Ksieski Zbigniew 2377
- Giorgadze Giorgi 2470 , Naleczow 1989 It (open) } ) 11.Ne5 Bb7 12.Nd2 b5
13.b3 Nxe5 14.dxe5 Nd7 15.cxb5 cxb5 16.Qb2 { N } ( 16.e4 Rc8 17.Qd3 d4 18.Qxd4
Bc5 19.Qd3 Qb6 20.Qe2 Bxf2+ 21.Qxf2 Qxf2+ 22.Kxf2 Rxc3 23.Nc4 bxc4 24.Rxd7
Rc2+ 25.Kg1 Bc6 26.Rd6 cxb3 27.axb3 Rc5 28.Kf2 Rb8 29.Rad1 Kf8 30.Rd8+ Rxd8
31.Rxd8+ Ke7 32.Rd4 Rb5 33.Rc4 Bd7 34.Rc3 Rxe5 35.Ke3 Kd6 { ...0-1, Burmakin
Vladimir 2550 - Sakaev Konstantin 2590 , St. Petersburg 1997 Memorial
M.Chigorin } ) 16...Nc5 17.Bd4 Qb8 18.Rac1 Rc8 19.Nf3 b4 20.Rc2 Ra6 21.Rdc1
Rac6 22.Ne1 R8c7 23.Bf1 Qc8 24.e3 Ne4 { ?! } ( 24...Ba6 { !? } 25.Bg2 Nd3
26.Rxc6 Nxc1 { } ) 25.Rxc6 Rxc6 26.Rxc6 Qxc6 27.Qc2 Nc3 28.Bd3 h6 29.a4 Bc5
30.Bb5 Qb6 31.Bxc5 { ? } ( 31.Nf3 Bxd4 32.Nxd4 Ba6 33.Qd3 { } ) 31...Qxc5
32.Nf3 d4 { ? } ( 32...Nxa4 33.Bd3 Qxc2 34.Bxc2 Nc3 { } ) 33.Nxd4 Qd5 34.f3
Qxe5 35.Qd3 Nxb5 36.axb5 Qc5 37.Kg2 { ? } ( 37.Kf2 Bd5 38.h4 Kf8 39.Nc6 { } )
37...e5 38.Ne2 e4 39.fxe4 { ?! } ( 39.Qd8+ { !? } 39...Kh7 40.Kf2 Qxb5 41.fxe4
{ } ) 39...Qe5 { ? } ( 39...Qf5 40.Kg1 Bxe4 41.Qd8+ Kh7 { } ) 40.Qd8+ { ?! } (
40.Kf2 { !? } 40...Qf6+ 41.Ke1 Qe7 42.e5 { } ) 40...Kh7 41.Qxa5 { ?! } (
41.Qd7 { !? } 41...Bxe4+ 42.Kf2 Qf6+ 43.Ke1 { } ) 41...Qxe4+ 42.Kf2 Qf5+ { ?!
} ( 42...Qg2+ { !? } 43.Ke1 Bf3 44.Qa2 Qxh2 { } ) 43.Ke1 Qb1+ 44.Kf2 Qf5+
45.Ke1 Qb1+ 46.Kf2 Qxb3 47.b6 { ?! } ( 47.g4 { !? } 47...Qb1 48.Nf4 Qc2+
49.Kf1 { } ) 47...Qb1 48.Qa7 Qh1 49.Qa2 Qxh2+ 50.Ke1 Qh1+ 51.Kd2 Qc6 { ? } (
51...Qg2 52.Qc2+ Kg8 53.Qc4 h5 { } ) 52.Qxf7 { ? } ( 52.Qb1+ Kg8 53.Qxb4 Qd5+
54.Qd4 { } ) 52...Qxb6 53.Nd4 Be4 54.Qc4 Qb7 55.Kc1 Bg6 { } {#R} 0-1

[Event "Ch Russia"]
[Site "masterchessopen.com Elista (Russia)"]
[Round "11"]
[White "Rashkovsky Nukhim N (RUS)"]
[Black "Balashov Yuri S (RUS)"]
[Result "0-1"]
[WhiteElo "2560"]
[BlackElo "2490"]

1.d4 Nf6 2.Nf3 d5 3.c4 e6 4.g3 Bb4+ 5.Bd2 Be7 6.Bg2 O-O 7.O-O Nbd7 8.Qc2 c6
9.Rc1 Ne4 10.Be1 f5 11.b4 Bf6 12.Nbd2 Nxd2 13.Bxd2 Nb6 14.c5 Nc4 15.Bc3 a5
16.bxa5 Nxa5 17.Nd2 Qc7 18.e3 e5 19.dxe5 Bxe5 20.Rab1 Be6 21.Rb4 Ra7 22.Bf1
Rfa8 23.Bxe5 Qxe5 24.Nf3 Qf6 25.Nd4 g6 26.Rcb1 Bf7 27.h4 h5 28.Qc3 Qe7 29.a4
Nc4 30.Bxc4 dxc4 31.Ne2 Rd8 32.Nf4 Rd7 33.Re1 Ra8 34.Reb1 Rad8 35.a5 Qe4
36.Qe1 Qf3 {#R} 0-1

[Event "Ch Russia (Higher League)"]
[Site "masterchessopen.com Novokuznetsk (Russia)"]
[Date "2008.09.11"]
[Round "8"]
[White "Maletin Pavel (RUS)"]
[Black "Landa Konstantin (RUS)"]
[Result "1-0"]
[WhiteElo "2563"]
[BlackElo "2613"]

1.d4 Nf6 2.c4 e6 3.g3 d5 4.Nf3 Bb4+ 5.Bd2 a5 6.Bg2 dxc4 7.O-O O-O 8.Bg5 Nc6
9.e3 e5 10.a3 Bd6 11.d5 Nb8 12.Nfd2 Nbd7 13.Nxc4 Nc5 14.Nc3 a4 15.f4 exf4
16.e4 h6 17.Bxf4 Bg4 18.Qc2 Nb3 19.Rae1 Bc5+ 20.Kh1 c6 21.Ne3 cxd5 22.e5 Bxe3
23.exf6 Bxf4 24.Rxf4 Re8 25.Rxe8+ Qxe8 26.Nxd5 Qe1+ 27.Rf1 Qe5 28.Ne7+ Kh8
29.Ng6+ fxg6 30.Qxg6 Rg8 31.Be4 {#r} 1-0

[Event "Ch Russia (club)"]
[Site "masterchessopen.com Sochi (Russia)"]
[Date "2007.05.04"]
[Round "3"]
[White "Shirov Alexei (ESP)"]
[Black "Asrian Karen (ARM)"]
[Result "1-0"]
[WhiteElo "2739"]
[BlackElo "2623"]

{ Shirov Alexei (ESP) +0 =4 -2 Asrian Karen (ARM) +1 =2 -0 } 1.d4 d5 2.c4 e6
3.Nf3 Nf6 4.g3 Bb4+ 5.Bd2 Be7 6.Bg2 O-O 7.Qb3 c6 8.O-O Nbd7 9.Rc1 { ? } (
9.Bf4 a5 10.Rc1 a4 11.Qc2 c5 12.dxc5 Bxc5 13.cxd5 exd5 14.Nc3 a3 15.bxa3 Bxa3
16.Rd1 Nb6 17.Be5 Be6 18.Ng5 g6 19.Bd4 Bf5 20.Qb3 Nfd7 21.e4 Bg4 22.Nf3 Nc5
23.Qb5 Rc8 24.Rab1 Nc4 25.Nxd5 Nxe4 26.Qxb7 Ncd6 27.Ne7+ { 1-0, Grischuk
Alexander 2704 - Landa Konstantin 2571 , Internet 14. 4.2004 It (blitz) ACP
(Prelim3) } ) 9...Ne4 { = } 10.Bf4 { -0.29 CAP N } ( 10.Bb4 Bxb4 ( 10...c5
11.Ba3 cxd4 12.cxd5 Ndc5 13.Qd1 exd5 14.Nxd4 Qb6 15.Nc3 Be6 16.Nxe4 dxe4
17.Nxe6 fxe6 18.Qd4 Rad8 19.Bxc5 Bxc5 20.Qxe4 Bxf2+ 21.Kh1 Rd2 22.Rc2 Rxc2
23.Qxc2 Bd4 24.Bf3 { 1/2-1/2, Konopka Michal 2484 - Galdunts Sergey 2464 ,
Germany 1999 Oberliga East B 1999/00 } ) 11.Qxb4 a5 12.Qa3 b5 13.Ne5 Nxe5
14.dxe5 f5 15.f3 b4 16.Qd3 Qb6+ 17.e3 dxc4 18.Qd4 c5 19.Qd1 c3 20.bxc3 Rd8
21.Qe1 Ng5 22.f4 Ne4 23.Bxe4 fxe4 24.Nd2 Rd3 25.Nxe4 c4 26.cxb4 Rxe3 27.Qf2
axb4 28.Rxc4 Bb7 29.Nc5 Rf3 { ...0-1, Ljubojevic Ljubomir 2635 - Jussupow
Artur 2610 , Rotterdam 1989 Cup World } ) ( 10.Be3 b6 ( 10...Nd6 { 1/2-1/2,
Ponomariov Ruslan 2710 - Azmaiparashvili Zurab 2672 , Calvia 28.10.2004
Olympiad } ) 11.Nc3 Nd6 12.cxd5 cxd5 13.Bf4 Bb7 14.Nb5 Nc4 15.a4 a6 16.Na3 g5
17.Be3 g4 18.Nd2 Nxe3 19.Qxe3 Bg5 20.Qd3 f5 21.e3 Be7 22.Nc2 a5 23.Na3 Nf6
24.Nb5 Rc8 25.Rc2 Rxc2 26.Qxc2 Qd7 27.Nb1 Rc8 28.N1c3 Ba6 29.Qd1 Bb4 {
...1/2-1/2, Bareev Evgeny 2729 - Shirov Alexei 2723 , Moscow 2002 Match
"Russia-All World" } ) 10...f5 11.Ne5 Nxe5 12.Bxe5 Bf6 13.Bxf6 Qxf6 14.Qe3 f4
15.gxf4 Nd6 16.Nd2 Nf5 17.Qe5 Nxd4 18.Qxf6 gxf6 19.Kf1 Nf5 20.e4 dxe4 21.Nxe4
e5 22.fxe5 fxe5 23.Rc3 Be6 24.Re1 Rae8 25.Nd2 Bf7 26.Be4 Nd6 27.Bd3 Bg6
28.Bxg6 hxg6 29.Rce3 Rf4 30.b3 Nf7 31.Ne4 Rd8 32.Nc5 Rd2 33.R3e2 Rxe2 34.Rxe2
b6 35.Nd7 Rf5 36.Nb8 Rf6 37.Rd2 Ng5 38.Ke2 Ne4 39.Rd8+ Kg7 40.Rd7+ Kh6 41.Rxa7
b5 42.Re7 bxc4 43.bxc4 Nc3+ 44.Ke3 e4 45.Nd7 Rf3+ 46.Kd4 Rd3+ 47.Kc5 Kg5
48.Kxc6 Rf3 49.Nc5 Rxf2 50.Nxe4+ Nxe4 51.Rxe4 { 374997419=ZE5Y233
374997419=ZE5Y123 374997419=ZE5Y235 } 51...Rxh2 { ?! } ( 51...Rxa2 { !? }
52.h3 Ra3 53.h4+ Kf5 54.Rd4 Ke5 55.Rd5+ Ke6 56.Rd6+ Ke5 57.c5 Ra4 58.Kb5 { } )
52.a4 Kf5 53.Re8 Ra2 54.Ra8 g5 55.a5 Kg6 56.a6 Kg7 57.Kb7 Rb2+ 58.Ka7 g4
59.Rd8 g3 60.c5 g2 61.Rd1 Kf6 62.c6 Rf2 63.Rg1 Ke6 64.Kb7 { 374997419=ZE5Y203
374997419=ZE5Y123 374997419=ZE5Y215 } {#r} 1-0

[Event "Ch Russia (club) (hl)"]
[Site "masterchessopen.com Sochi (Russia)"]
[Date "2007.05.03"]
[Round "1"]
[White "Kornev Alexei (RUS)"]
[Black "Filippov Valerij (RUS)"]
[Result "0-1"]
[WhiteElo "2532"]
[BlackElo "2561"]

1.d4 d5 2.c4 e6 3.Nf3 Nf6 4.g3 Bb4+ 5.Bd2 Be7 6.Bg2 O-O 7.O-O Nbd7 8.Qb3 Nb6
9.cxd5 exd5 10.Bb4 a5 11.Bxe7 Qxe7 12.Nc3 a4 13.Qc2 c6 14.Rfe1 g6 15.e4 dxe4
16.Nxe4 Nxe4 17.Rxe4 Qd6 18.Qc5 Qxc5 19.dxc5 Nd7 20.Rc1 Ra5 21.Rec4 Re8 22.b4
axb3 23.axb3 Ne5 24.Nxe5 Rxe5 25.b4 Ra2 26.Rd4 Kg7 27.Bf1 Rb2 28.Rcd1 Be6
29.h4 Bb3 30.Ra1 Rf5 31.f4 Rd5 32.Re4 Rdd2 33.Rae1 Bd5 34.R4e2 Rxe2 35.Rxe2
Rxb4 36.Bg2 Be6 37.Rc2 Kf6 38.Bh1 Rb5 39.Kf2 Rb3 40.Rc1 Bg4 41.Be4 Bf5 42.Bf3
Ke7 43.Re1+ Kd7 44.Rd1+ Kc7 45.Re1 Be6 46.Rc1 Kc8 {#R} 0-1

[Event "Ch Russia (club) (w)"]
[Site "masterchessopen.com Sochi (Russia)"]
[Date "2004.04.21"]
[Round "2"]
[White "Partys Tatiana (RUS)"]
[Black "Zaiatz Elena (RUS)"]
[Result "0-1"]
[WhiteElo "2042"]
[BlackElo "2400"]

1.d4 Nf6 2.c4 e6 3.Nf3 d5 4.g3 Bb4+ 5.Bd2 a5 6.a3 Be7 7.Nc3 O-O 8.Bg2 Nbd7
9.cxd5 exd5 10.O-O c6 11.Qc2 Re8 12.Bf4 Nf8 13.Rad1 Ng6 14.Bc1 Bf8 15.Rfe1 h6
16.Nd2 Be6 17.e4 dxe4 18.Ndxe4 Nxe4 19.Bxe4 Ne7 20.Qd3 Nd5 21.Nxd5 Bxd5
22.Bxd5 Qxd5 23.Rxe8 Rxe8 24.Be3 Rd8 25.Qc3 Be7 26.Rc1 h5 27.Qc4 Qe4 28.Qc2
Qf3 29.Qd1 Qd5 30.h4 g6 31.Qe1 Rd7 32.Qc3 Bf6 33.Rb1 Kg7 34.b4 axb4 35.Rxb4 b5
36.a4 Be7 37.Rb2 bxa4 38.Rb6 a3 39.Rxc6 Rb7 40.Bc1 Rb3 41.Qc4 Qxc4 42.Rxc4 a2
{#R} 0-1

[Event "Ch Russia (juniors) (under 10)"]
[Site "masterchessopen.com Dagomys (Russia)"]
[Round "4"]
[White "Lugovskoy Maxim (RUS)"]
[Black "Ershov Vladimir (RUS)"]
[Result "1-0"]
[WhiteElo "2108"]
[BlackElo "2123"]

1.d4 d5 2.Nf3 Nf6 3.c4 e6 4.g3 Bb4+ 5.Bd2 Be7 6.Bg2 O-O 7.O-O dxc4 8.Qa4 Bd7
9.Qxc4 Bc6 10.Rd1 Bd5 11.Qc2 Be4 12.Qc1 Nbd7 13.Nc3 Bc6 14.Qc2 Nb6 15.e4 Bb4
16.Re1 Re8 17.a3 Bf8 18.Rad1 Qd7 19.Bf4 Rad8 20.Ne5 Qc8 21.Nxc6 bxc6 22.Bg5
Be7 23.Bxf6 gxf6 24.b4 Rd7 25.Ne2 Qb7 26.Rc1 Red8 27.Qxc6 Qa6 28.Qc3 Na4
29.Qc4 Qxc4 30.Rxc4 Nb6 {#r} 1-0

[Event "Ch Scotland"]
[Site "masterchessopen.com Glasgow (Scotland)"]
[Date "2012.07.07"]
[Round "1"]
[White "Berry Neil (SCO)"]
[Black "Hera Imre Jr (HUN)"]
[Result "0-1"]
[WhiteElo "2254"]
[BlackElo "2568"]

1.d4 Nf6 2.c4 e6 3.g3 d5 4.Nf3 Bb4+ 5.Bd2 Be7 6.Bg2 O-O 7.O-O Nbd7 8.Qc2 c6
9.Bf4 a5 10.Rd1 b5 11.Ne5 Bb7 12.c5 Nxe5 13.Bxe5 Nd7 14.e4 Nxe5 15.dxe5 Qb8
16.f4 Qa7 17.Rc1 b4 18.Nd2 a4 19.Kh1 Qb8 20.Qd3 Ra5 21.exd5 exd5 22.e6 fxe6
23.Nf3 Bf6 24.Bh3 Bc8 25.Re1 a3 26.b3 Bxa1 27.Rxa1 e5 28.Bxc8 Qxc8 29.Nxe5
Rxc5 30.Qd4 Rc2 31.Nf3 Qh3 32.Qg1 Re8 {#R} 0-1

[Event "Ch Scotland (open)"]
[Site "masterchessopen.com Edinburgh (Scotland)"]
[Date "2009.06.06"]
[Round "5"]
[White "Greet Andrew (ENG)"]
[Black "Mcclement Andrew (SCO)"]
[Result "1-0"]
[WhiteElo "2443"]
[BlackElo "1893"]

1.d4 Nf6 2.c4 e6 3.g3 d5 4.Nf3 Bb4+ 5.Bd2 Be7 6.Bg2 Nbd7 7.Qc2 c6 8.O-O O-O
9.Bf4 Ne4 10.Nc3 f5 11.Rad1 Qe8 12.Ne1 g5 13.Bc1 Qh5 14.f3 Nxc3 15.bxc3 f4
16.cxd5 exd5 17.g4 Qh4 18.h3 Nb6 19.e4 fxe3 20.Bxe3 Bd6 21.Bf2 Qh6 22.Nd3 Nc4
23.Rde1 Qg6 24.Qe2 Bd7 25.Ne5 Nxe5 26.dxe5 Rae8 27.Bg3 Bc5+ 28.Kh2 b5 29.f4
gxf4 30.Bxf4 Bb6 31.Bg3 Be6 32.Qd2 Rxf1 33.Rxf1 Rf8 34.Re1 Kf7 35.Bh4 Ke8
36.Bf6 Bc7 37.Kg1 h6 38.a4 Bb6+ 39.Kh1 a6 40.axb5 axb5 41.Be4 Qg8 42.Bg2 Qg6
43.Qf4 Kd7 44.Qb4 c5 45.Qxb5+ Kc7 46.Rb1 Rb8 47.Be7 Bd7 48.Qb2 Rb7 49.Bxd5 Bc6
50.Bd6+ Kd7 51.Bxc6+ Kxc6 52.Qg2+ Kd7 53.Qxb7+ Ke6 54.Rf1 Bd8 55.Qb3+ Kd7
56.Qd5 Be7 57.Qb7+ Ke6 58.Qxe7+ Kd5 59.Qb7+ Kc4 60.Qa6+ Kb3 61.Qb7+ Kc2
62.Qg2+ Kb3 63.c4 Kxc4 64.Rc1+ Kb3 65.Qd5+ Kb2 66.Qd2+ Kb3 67.Qc3+ Ka4 68.Ra1+
Kb5 69.Qxc5# 1-0

[Event "Ch Scotland (open)"]
[Site "masterchessopen.com Edinburgh (Scotland)"]
[Date "2009.07.11"]
[Round "1"]
[White "Morrison Graham (SCO)"]
[Black "Foord Dominic (ENG)"]
[Result "1-0"]
[WhiteElo "2366"]
[BlackElo "2069"]

1.d4 d5 2.c4 e6 3.Nf3 Nf6 4.g3 c6 5.Bg2 Bb4+ 6.Bd2 Be7 7.O-O Nbd7 8.Qc2 O-O
9.Bf4 Nh5 10.Bc1 f5 11.b3 f4 12.Ba3 Bxa3 13.Nxa3 Qe7 14.Qb2 b6 15.Rac1 Bb7
16.b4 Rac8 17.Rfe1 fxg3 18.hxg3 Nhf6 19.Nb1 Ne4 20.Nc3 Qf7 21.e3 Nd6 22.c5 Nc4
23.Qe2 e5 24.Nxe5 Ncxe5 25.dxe5 bxc5 26.f4 cxb4 27.Na4 Qe7 28.Bh3 Rce8 29.Bxd7
Qxd7 30.Nc5 Qc7 31.Qb2 Bc8 32.Qxb4 Rxe5 33.fxe5 Qxe5 34.Qh4 g5 35.Nd3 Qf5
36.e4 Qf6 37.e5 Qf5 38.Qd4 Qh3 39.Qe3 g4 40.Nf4 {#r} 1-0

[Event "Ch Serbia (team) (1 liga)"]
[Site "masterchessopen.com Banja-Vrucica (Serbia)"]
[Date "2012.08.16"]
[Round "6"]
[White "Ostojic Nikola (SRB)"]
[Black "Elez Sinisa (BIH)"]
[Result "1-0"]
[WhiteElo "2439"]
[BlackElo "2132"]

1.d4 d5 2.c4 e6 3.Nf3 Nf6 4.g3 Bb4+ 5.Bd2 Bxd2+ 6.Nbxd2 O-O 7.Bg2 b6 8.O-O Bb7
9.Rc1 Nbd7 10.cxd5 exd5 11.b4 a6 12.e3 Rc8 13.Qb3 Qe7 14.a4 c6 15.a5 b5
16.Rfe1 Rfe8 17.Rc3 h6 18.Rec1 Rcd8 19.Bh3 Qd6 20.R3c2 Re7 21.Ne1 Nb8 22.Nd3
Bc8 23.Bxc8 Rxc8 24.Nc5 Ng4 25.Qd3 g6 26.e4 Qf6 27.f3 Rd8 28.fxg4 dxe4
29.Ndxe4 Qxd4+ 30.Qxd4 Rxd4 31.Rd2 {#r} 1-0

[Event "Ch SibFO "]
[Site "masterchessopen.com Novosibirsk (Russia)"]
[Round "5"]
[White "Baljiev Chingiz (RUS)"]
[Black "Suslin Alexander (RUS)"]
[Result "1-0"]
[WhiteElo "2282"]
[BlackElo "2169"]

1.Nf3 d5 2.d4 e6 3.g3 Nf6 4.c4 c6 5.Bg2 Bb4+ 6.Bd2 Be7 7.Qc2 Ne4 8.O-O O-O
9.Be3 Nd7 10.Nbd2 f5 11.Nb3 Qe8 12.Nc1 Qh5 13.Nd3 Bd6 14.Bf4 Ndf6 15.Bxd6 Nxd6
16.c5 Nde4 17.Nfe5 Qh6 18.Qc1 Qxc1 19.Rfxc1 Ng5 20.Rab1 Nf7 21.b4 Nxe5 22.dxe5
Ne8 23.a4 Bd7 24.e3 Nc7 25.Bf1 Rfb8 26.Ne1 a6 27.Nc2 Kf7 28.Nd4 Ke7 29.Rc2 Kd8
30.Be2 g6 31.f4 Ke7 32.Kf2 h5 33.Kg2 Rg8 34.Nf3 Rgb8 35.Kh3 Kf7 36.Kh4 Kg7
37.Kg5 Be8 38.Nd4 Kf7 39.h3 Kg7 40.Bd3 Bd7 41.Rcc1 Rh8 42.Kh4 Kh6 43.Nf3 Rhd8
44.g4 hxg4 45.hxg4 Rh8 46.Kg3 Kg7 47.Rg1 Kf7 48.Kf2 Rag8 49.Rg2 Rh6 50.Rbg1
Rgh8 51.gxf5 exf5 52.e6+ Nxe6 53.Ne5+ Ke7 54.Nxg6+ Rxg6 55.Rxg6 Nf8 56.Rg7+
Ke8 57.Be2 Rh2+ 58.R1g2 Rh1 59.Bf3 Rb1 60.Bh5+ Kd8 61.Rg8 Rb2+ 62.Kf3 Rxg2
63.Rxf8+ {#r} 1-0

[Event "Ch Slovakia (open)"]
[Site "masterchessopen.com Banska Stiavnica (Slovakia)"]
[Date "2010.07.16"]
[Round "7"]
[White "Gleizerov Evgeny (RUS)"]
[Black "Cvek Robert (CZE)"]
[Result "0-1"]
[WhiteElo "2564"]
[BlackElo "2494"]

1.d4 Nf6 2.c4 e6 3.g3 d5 4.Nf3 Bb4+ 5.Bd2 Be7 6.Bg2 O-O 7.Qb3 c6 8.Nc3 Nbd7
9.Bf4 Nh5 10.Be3 Nhf6 11.Bf4 Nh5 12.Bc1 Nhf6 13.O-O b6 14.Bf4 Nh5 15.Bd2 Nhf6
16.cxd5 cxd5 17.Rfc1 Bb7 18.Bf4 Nh5 19.Be5 f6 20.Bf4 Nxf4 21.gxf4 f5 22.Nb5
Rf6 23.Rc7 Rb8 24.Rac1 a6 25.Na7 Rg6 26.Nc6 Bxc6 27.R7xc6 h6 28.Qe3 Nf8 29.Ne5
Rf6 30.Rc7 Bd6 31.Ra7 Rc8 32.Rxa6 Bxe5 33.dxe5 Rxc1+ 34.Qxc1 Rf7 35.Ra3 Rc7
36.Rc3 Rxc3 37.Qxc3 Ng6 38.Qc6 Kf7 39.e3 Nh4 40.Kf1 g5 41.fxg5 Qxg5 42.Qd7+
Kf8 43.Bh1 Qg4 44.Qd8+ Kg7 45.Qe7+ Kh8 46.Ke1 Qg1+ 47.Ke2 Qxh2 48.Qf6+ Kh7
49.Bxd5 exd5 50.e6 Qh1 51.Kd2 Qe4 52.e7 Nf3+ 53.Ke2 Qc4+ {#R} 0-1

[Event "Ch Slovakia (open) (b)"]
[Site "masterchessopen.com Kaskady (Slovakia)"]
[Round "2"]
[White "Vacek Ondrej (SVK)"]
[Black "Kotan Ladislav (SVK)"]
[Result "0-1"]
[WhiteElo "2063"]
[BlackElo "2324"]

1.Nf3 d5 2.d4 Nf6 3.c4 e6 4.g3 Bb4+ 5.Bd2 Be7 6.Bg2 Ne4 7.O-O O-O 8.Nc3 f5
9.Bf4 c6 10.Ne5 Nd7 11.f3 Nxc3 12.bxc3 Nxe5 13.Bxe5 dxc4 14.a4 b6 15.e4 Bb7
16.Qe2 b5 17.exf5 exf5 18.f4 Qd7 19.Rab1 a6 20.Rfd1 Rad8 21.Qb2 Bd6 22.d5 Bxe5
23.fxe5 cxd5 24.axb5 a5 25.Qa2 f4 26.Qe2 fxg3 27.hxg3 Qe6 28.Re1 Rf7 29.Qe3
Qg4 30.e6 Re7 31.Rbd1 Rd6 32.Qa7 Rdxe6 33.Rf1 h6 34.Qb8+ Kh7 35.Rd4 Qg6 36.Bh3
Re1 37.Rd1 Rxd1 {#R} 0-1

[Event "Ch Slovakia (team) 2005/06"]
[Site "masterchessopen.com Slovakia"]
[Date "2006.02.19"]
[Round "11"]
[White "Dovzik Juri (UKR)"]
[Black "Mokos Jozef (SVK)"]
[Result "0-1"]
[WhiteElo "2430"]
[BlackElo "2310"]

1.Nf3 d5 2.d4 Nf6 3.c4 e6 4.g3 Bb4+ 5.Bd2 Qe7 6.Bg2 O-O 7.O-O Bxd2 8.Nbxd2
Nbd7 9.Rc1 c6 10.Qc2 Rd8 11.e4 dxe4 12.Nxe4 e5 13.Rfe1 exd4 14.c5 d3 15.Qxd3
Nxe4 16.Rxe4 Nf6 17.Rxe7 Rxd3 18.Ne5 Rd2 19.Nc4 Rd7 20.Re3 Rc7 21.Ra3 a6
22.Nd6 Be6 23.b4 Rd8 24.f4 Ne8 25.f5 Bc8 26.Re3 Kf8 27.Rd1 Re7 28.Red3 Re2
29.a3 Nxd6 30.Rxd6 Rde8 31.g4 Re1+ 32.Rxe1 Rxe1+ 33.Kf2 Re8 34.Kg3 Ke7 35.Kf4
Rd8 36.Rxd8 Kxd8 37.g5 Ke7 38.a4 f6 39.h4 Kf7 40.Bf1 Kf8 41.Bc4 Bd7 42.Bb3 Ke7
43.Bg8 h6 44.Bc4 Bc8 45.Kg4 hxg5 46.hxg5 g6 47.Bd3 Bxf5+ 48.Bxf5 gxf5+ 49.Kxf5
fxg5 50.Kxg5 Ke6 51.Kg6 Kd5 52.Kf5 Kc4 {#R} 0-1

[Event "Ch Slovakia (team) 2011/12 (2 liga) (c)"]
[Site "masterchessopen.com Slovakia"]
[Date "2011.12.03"]
[Round "5"]
[White "Egyed Andras (HUN)"]
[Black "Rogos Jan (SVK)"]
[Result "1-0"]
[WhiteElo "2260"]
[BlackElo "2164"]

1.Nf3 Nf6 2.c4 e6 3.g3 d5 4.d4 Bb4+ 5.Bd2 Bxd2+ 6.Nbxd2 c6 7.Bg2 O-O 8.Qc2
Nbd7 9.O-O Re8 10.e4 dxe4 11.Nxe4 Nxe4 12.Qxe4 Qc7 13.Rfd1 Nf6 14.Qe5 Qe7
15.Qe1 Bd7 16.Ne5 Rad8 17.Qa5 a6 18.Rd2 Bc8 19.Rad1 Nd7 20.f4 b6 21.Qc3 Nxe5
22.dxe5 Rxd2 23.Qxd2 Qc5+ 24.Qf2 Qxc4 25.Qxb6 c5 26.Rd8 Qc1+ 27.Bf1 Qe3+
28.Kg2 Qe4+ 29.Kh3 Bd7 30.Rxd7 Qf3 31.Bd3 {#r} 1-0

[Event "Ch Slovenia"]
[Site "masterchessopen.com Ljubljana (Slovenia)"]
[Date "2012.07.05"]
[Round "6"]
[White "Zorko Jure (SLO)"]
[Black "Mejak Severin (SLO)"]
[Result "1-0"]
[WhiteElo "2476"]
[BlackElo "2072"]

1.d4 d5 2.c4 e6 3.Nf3 Nf6 4.g3 Bb4+ 5.Bd2 Be7 6.Bg2 O-O 7.O-O b6 8.cxd5 exd5
9.Nc3 Bb7 10.Ne5 c6 11.Qa4 a5 12.Rac1 b5 13.Qc2 Qb6 14.e3 Nfd7 15.f4 f6 16.Nf3
Na6 17.Qf5 Qd8 18.e4 Nc7 19.exd5 cxd5 20.Rfe1 Bd6 21.Nh4 Nb6 22.b3 Rf7 23.Nd1
g6 24.Qb1 Qd7 25.Nf2 Bf8 26.Nd3 Qd6 27.Nc5 Bc8 28.Bf1 Nd7 29.Be3 Qb6 30.f5 g5
31.Ng2 Nxc5 32.dxc5 Qc6 33.Bd4 b4 34.Ne3 Rb8 35.Bg2 Rb5 36.Qc2 Rb8 37.Qf2 Bb7
38.Nc4 Ra8 39.Ne3 Rd8 40.Nc4 Ra8 41.h3 Kg7 42.Kh2 Kg8 43.Rc2 Re7 44.Rd1 Rf7
45.Qd2 Rg7 46.Bf2 Rf7 47.Qc1 Rg7 48.Nb6 Rd8 49.Rcd2 Qb5 50.Bf3 Qc6 51.Nc4 Ra8
52.Rc2 Kh8 53.Rdd2 Kg8 54.Qg1 Rf7 55.Qa1 Rg7 56.Bd4 Rf7 57.Ne3 Bg7 58.Re2 Kh8
59.Nc4 Bf8 60.Nd6 Bxd6 61.Bxf6+ Kg8 62.cxd6 Qxd6 63.Be5 Qb6 64.Qc1 Nb5
65.Qxg5+ Kf8 66.Bh5 h6 67.Qf4 Rf6 68.Bxf6 Qxf6 69.Re6 Qg5 70.Qe5 {#r} 1-0

[Event "Ch Slovenia (juniors)"]
[Site "masterchessopen.com Slovenia"]
[Date "2005.01.09"]
[Round "3"]
[White "Lenic Luka (SLO)"]
[Black "Turek Lan Timotej (SLO)"]
[Result "1-0"]
[WhiteElo "2476"]
[BlackElo "1884"]

1.d4 d5 2.c4 e6 3.Nf3 Nf6 4.g3 Bb4+ 5.Bd2 Bxd2+ 6.Nbxd2 O-O 7.Bg2 c6 8.O-O
Nbd7 9.Qc2 b6 10.e4 dxc4 11.Nxc4 Ba6 12.Rfe1 Bxc4 13.Qxc4 Rc8 14.e5 Nd5 15.Nd2
f5 16.exf6 Qxf6 17.Ne4 Qe7 18.f4 h6 19.Nf2 Rfe8 20.Bh3 Qf7 21.Qe2 Nf8 22.Nd3
Nd7 23.Bxe6 Qxe6 24.Qxe6+ Rxe6 25.Rxe6 Kf7 26.Rae1 N5f6 27.Rd6 {#r} 1-0

[Event "Ch Slovenia (team)"]
[Site "masterchessopen.com Celje (Slovenia)"]
[Date "2004.12.02"]
[Round "5"]
[White "Kozul Zdenko (CRO)"]
[Black "Palac Mladen (CRO)"]
[Result "0-1"]
[WhiteElo "2640"]
[BlackElo "2543"]

{ Kozul Zdenko (CRO) +10 =7 -2 } 1.d4 { 1 } 1...Nf6 2.c4 e6 3.Nf3 d5 4.g3 Bb4+
5.Bd2 Be7 6.Bg2 c6 7.Qc2 b6 8.O-O Ba6 9.b3 Nbd7 10.Rd1 ( 10.a4 O-O 11.a5 b5
12.c5 Ne4 13.Bf4 b4 14.Re1 Bf6 15.Nbd2 Nc3 16.Bf1 Re8 17.e4 Bxf1 18.Kxf1 e5
19.dxe5 Nxe5 20.Bxe5 Bxe5 21.exd5 Qxd5 22.Qf5 Bf6 23.Qxd5 Nxd5 24.Rxe8+ Rxe8
25.Rd1 Nc3 26.Re1 Rd8 27.Nc4 h6 28.Nfe5 Rd5 29.Nxc6 Rxc5 { ...1-0, Sakaev
Konstantin 2664 - Oganian Roman 2215 , Internet 7. 9.2004 Cup Russia "Chess
Planet" (1 final) (blitz) } ) 10...Rc8 { = } 11.Nc3 ( 11.Bf4 c5 12.dxc5 Bxc5
13.Qb2 O-O 14.Nc3 Ng4 15.e3 e5 16.Bg5 f6 17.Bh4 g5 18.Nxd5 e4 19.Nd4 Qe8
20.Nf5 Qe6 21.b4 Qxf5 22.bxc5 Qe6 23.cxb6 Nxb6 24.h3 Ne5 25.Qa3 Nf3+ 26.Bxf3
exf3 27.g4 Nxc4 28.Qe7 Qf7 29.Bg3 Rcd8 30.Rd4 Qxe7 { ...1/2-1/2, Kramnik
Vladimir 2809 - Leko Peter 2739 , Budapest 2001 Match (active) } ) 11...dxc4 (
11...O-O 12.e4 dxc4 13.Bf4 b5 14.bxc4 bxc4 15.Rab1 Qa5 16.h3 h6 17.Bd2 Qc7
18.Bf4 Qa5 19.g4 Rfe8 20.Bd2 Qc7 21.Qc1 Rb8 22.Rxb8 Qxb8 23.g5 hxg5 24.Bxg5 c5
25.e5 Nd5 26.Nxd5 exd5 27.Bxe7 Rxe7 28.Qg5 Re6 29.Nh4 cxd4 30.Bxd5 Qxe5
31.Qd8+ { ...1-0, Lputian Smbat G 2634 - Mchedlishvili Mikheil 2557 , Istanbul
2003 Ch Europe } ) 12.e4 { } 12...h6 { N } ( 12...O-O 13.Bf4 b5 ( 13...h6
14.h3 Bb4 15.Nd2 b5 16.bxc4 bxc4 17.a3 Be7 18.Na4 c5 19.d5 exd5 20.exd5 Nh5
21.Be3 Bf6 22.Rac1 Bd4 23.g4 Bxe3 24.fxe3 Nhf6 25.Nxc4 Bxc4 26.Qxc4 Re8 27.Qf4
Qa5 28.Nb2 Ne5 29.Nd3 Ng6 30.Qf2 c4 31.Nb4 Qxa3 32.Nc6 { ...1-0, Shariyazdanov
Andrey 2582 - Prasad Devaki V 2431 , Guntur 2000 It (cat.10) } ) ( 13...Nh5
14.Bc1 Nhf6 15.Nd2 cxb3 16.axb3 Nb8 17.Nf3 Ne8 18.Bf4 Bd6 19.e5 Be7 20.Ne4 h6
21.Qd2 Kh7 22.Rxa6 Nxa6 23.Qd3 Kg8 24.Qxa6 Rc7 25.Rc1 Qd5 26.Qd3 Qd7 27.h4 {
1-0, Novikov Igor A 2598 - Kragelj Igor 2232 , Saint Vincent 2002 It (open) }
) 14.bxc4 bxc4 15.Rab1 Qa5 16.h3 h6 17.Bd2 Qc7 18.Bf4 Qa5 19.g4 Rfe8 20.Bd2
Qc7 21.Qc1 Rb8 22.Rxb8 Qxb8 23.g5 hxg5 24.Bxg5 c5 25.e5 Nd5 26.Nxd5 exd5
27.Bxe7 Rxe7 28.Qg5 Re6 29.Nh4 cxd4 30.Bxd5 Qxe5 31.Qd8+ Nf8 32.Bxe6 { ...1-0,
Lputian Smbat G 2634 - Mchedlishvili Mikheil 2557 , Istanbul 2003 Ch Europe }
) 13.h4 { ?! } ( 13.Bf4 { !? } 13...O-O 14.Nd2 b5 15.bxc4 { } ) 13...O-O
14.Bh3 Ra8 { ?! } ( 14...Qc7 { !? } 15.Bf4 Qb7 16.Nd2 cxb3 { } ) 15.e5 Nd5
16.bxc4 { ? } ( 16.Nxd5 { !? } 16...cxd5 17.Bxh6 gxh6 18.Bxe6 { } ) 16...Bxc4
17.Bxh6 gxh6 18.Ne4 { ? } ( { ? } 18.Bxe6 Kg7 19.Bxd5 cxd5 20.Nd2 { } )
18...b5 19.Bxe6 Nb4 20.Qc1 fxe6 21.Qxh6 Rxf3 22.Qg6+ Kf8 23.d5 Bxd5 24.Rd4
Nxe5 25.Qh6+ Kg8 26.Qh5 Rf5 { } {#R} 0-1